000 00307nam a2200109Ia 4500
008 200302s9999 xx 000 0 und d
100 _aCatherine Desai and Other
245 _aThe Architecture of Hasmukh C. Patel Selected Projects 1963-2003
260 _bMapin Publishing
260 _c2017
300 _a394 P.,
999 _c4983
_d4983